00774ncm a2200193 i 4500001000700000003000900007005001700016007000300033008004100036245020400077260005600281300002200337650002000359700004700379700003400426700004000460710005800500852002200558184660ES-MaACL20251118191453.0qu151102s1967 sp ||| |||||||| | spa d00aColección de jotas navarras [hMúsica impresa] /cadaptación y composición musical, José Menéndez de Esteban ; recopilación de letras, Pedro Mª Flamarique ; prólogo, Jaime del Burgo. aPamplona : bDiputación Foral de Navarra, c1967. a119 p. ; c31 cm. 4aJotas navarras.1 aMenéndez de Esteban, José, d1910-19881 aBurgo, Jaime del, d1912-20051 aFlamarique, Pedro María (d1931-)1 aNavarra (Comunidad Autónoma). bDiputación Foral. aES-MaACLjC-33380